Statistics for Biggest Cities in Poland

Click here to take the quiz!

General Stats

  • This quiz has been taken 187 times
    (75 since last reset)
  • The average score is 8 of 10

Answer Stats

PopulationAnswer% Correct
1,706,624Warsaw
100%
756,583Kraków
99%
458,717Gdańsk
96%
753,192Łódź
87%
632,930Wrocław
87%
567,932Poznań
81%
317,220Katowice
81%
410,811Szczecin
71%
351,806Lublin
71%
361,222Bydgoszcz
57%

Score Distribution

Percentile by Number Answered

Percent of People with Each Score

Your Score History

You have not taken this quiz since the last reset